ბათუმის შოთა რუსთაველის სახელმწიფო უნივერსიტეტის ბიბლიოთეკა

უმაღლესი განათლების პირველი კერა აჭარაში : (ბიბ.ჩანაწერი № 38301)

000 -ლიდერი
ფიქსირებული სიგრძის საკონტროლო ველი 01114nam a2200217Ia 4500
001 - საკონტროლო ნომერი
საკონტროლო ველი 4311
003 - საკონტროლო ნომრის იდენტიფიკატორი
საკონტროლო ველი GE_BSU
005 - ბოლო ოპერაციის თარიღი და დრო
საკონტროლო ველი 20191007114346.0
008 - ფიქსირებული სიგრძის მონაცემთა ელემენტები - ზოგადი ინფორმაცია
ფიქსირებული სიგრძის საკონტროლო ველი 181216s1986||||ge |||||||||||||| ||geo||
040 ## - კატალოგიზაციის წყარო
Transcribing agency GE_BSU
041 ## - ენის კოდი
Language code of text/sound track or separate title geo
080 ## - უნივერსალური ათობითი კლასიფიკაციის ინდექსი
Universal Decimal Classification number 378.4(479.223) ბ–20
100 ## - მთავარი ჩანაწერი - პიროვნების სახელი
Personal name ბალაძე, დ.
9 (RLIN) 4564
245 ## - ცნობა სათაურის შესახებ
Title უმაღლესი განათლების პირველი კერა აჭარაში :
Remainder of title შოთა რუსთაველის სახ. სახელმწ. პედ. ინ-ტის ნახევარი საუკუნის ისტორია /
Statement of responsibility, etc რედ.: ა. კახიძე.
264 ## - წარმოების, გამოცემის, დისტრიბუციის და სხვა ცნობები
გამოცემის, წარმოების, დისტრიბუციის... ადგილი ბათუმი :
გამოცემის, წარმოების, დისტრიბუციის... სახელწოდება საბჭ. აჭარა,
გამოცემის, წარმოების, დისტრიბუციის... თარიღი 1986.
300 ## - ფიზიკური აღწერა
Extent 246 გვ.;
Other physical details 20 სმ.
653 ## - INDEX TERM--UNCONTROLLED
Uncontrolled term ბათუმის სახელმწიფო პედაგოგიკური ინსტიტუტის ისტორია
700 ## - ADDED ENTRY--PERSONAL NAME
Personal name ჯაფარიძე, შ.ი.
Relator term ავტორი
9 (RLIN) 4565
700 ## - ADDED ENTRY--PERSONAL NAME
Personal name კახიძე, ა.
Relator term რედაქტორი
9 (RLIN) 1466
942 ## - ADDED ENTRY ELEMENTS (KOHA)
Koha item type წიგნი
Source of classification or shelving scheme
ეგზემპლარები
ჩამოწერის სტატუსი დაკარგული ეგზემპლარის სტატუსი დაზიანების სტატუსი არ გაიცემა შეძენის თარიღი შტრიხკოდი ბოლო ოპერაციის თარიღი ფასის ძალაში შესვლის თარიღი ეგზემპლარის სახეობა საჯარო შენიშვნა
        2018-12-17 5901 2018-12-17 2018-12-17 წიგნი დარბაზი